000 00401nam a2200109Ia 4500
008 160909s9999 xx 000 0 und d
100 _aJohnson, Mary L.
245 _a1:1 laptop experience and high-stakes testing: Effects on eighth-grade student achievement
260 _bThe University of Mississippi
_c2016
650 _aEDUC/SPED
856 _uhttp://pqdtopen.proquest.com/doc/1809119706.html?FMT=ABS
999 _c305095
_d305095